000 00566nam a22001457a 4500
999 _c63549
_d63549
003 Ge_BSU
005 20251030183952.0
008 251028s1997 ge ||||| |||| 00| 0 geo d
041 _ageo
080 _a657.15 ბ-98
245 _aბუღალტრული აღრიცხვის საერთაშორისო სტანდარტი ბასს 1 :
_bფინანსური ანგარიშგების წარდგენა.
264 _aთბილისი,
_c1997.
300 _a50 გვ.;
_b21 სმ.
942 _2udc
_cBK